La premisa matrimonial

Guardat en:
Dades bibliogràfiques
Autor principal: O'Neill, Nena (autora)
Format: Llibre
Idioma:espanyol
Publicat: Barcelona Grijalbo 1979
Col·lecció:Colección relaciones humanas y sexología, 10
Matèries:
Etiquetes: Afegir etiqueta
Sense etiquetes, Sigues el primer a etiquetar aquest registre!

MARC

LEADER 00000nam a2200000 a 4500
001 UCY9329
003 CL-VaPUC
008 950717e19790000SP |||||||||||||||||spa|d
082 0 4 |a 306.81  |b ONE  |2 21 
100 |a O'Neill, Nena  |e autora  |9 588849 
245 1 3 |a La premisa matrimonial 
300 |a 278 p 
942 |c BK 
945 |d 19950717 00:00:00  |a mfernand 
260 |a Barcelona  |b Grijalbo  |c 1979 
650 7 |a MATRIMONIO  |2 CL-VaPUC  |9 341409 
650 0 |a Sexo  |9 257818 
650 0 |a Comportamiento sexual  |9 334955 
650 0 |a Familias   |9 255641 
650 0 |a Relaciones interpersonales  |9 307056 
583 |a last modification  |c 19950717 00:00:00  |k Rodrigo Vera 
490 0 |a Colección relaciones humanas y sexología, 10 
999 |c 236441  |d 236439 
952 |0 0  |1 0  |4 0  |6 306_810000000000000_ONE_1979  |7 0  |8 P  |9 244532  |a BIBEDU  |b BIBEDU  |c BIBEDU_PB  |d 2019-11-18  |i 1533037  |o 306.81 ONE 1979  |p 1533037  |r 2024-01-25  |w 2019-11-18  |y BK  |k EDU